01120nam a2200277uu 4500001000800000005001700008008004100025035001200066040001300078041000800091080001200099100003600111245007100147260004300218300001700261650001900278650003600297650002600333650002700359700004400386700003900430700004600469700004300515700004500558500023900603102740320260507075048.0070502s2005 ||||||m| spa  a1027403 ccomduadb aspa aI-1360010aGuerra Arango, Isabel4auteaut10aSistema de gestión de la calidad ISO 9001 en la Empresa CON-PRE aMedellín :b[sin publicador],c2005. a60 páginas aNorma ISO 9001 aSistema de gestión de calidad 0aAuditoría ambiental aAuditoría de calidad10aHoyos Giraldo, Diana Catalina4auteaut10aMuñoz Mejía, Juliana4auteaut10aPérez Gutiérrez, Juan David4auteaut10aRicardo Taborda, Ana María4auteaut10aMarín Palacio, Lyda Andréa4auteaut aTesis (Diplomado en Gestión y auditoría de la calidad en ISO 9001: 2000 y Gestión y Auditoría Ambiental en ISO 14000). Universidad de Antioquia. Facultad de Ingeniería. CESET. Grupo Regional ISO - Título del grado otorgado